<?xml version="1.0" encoding="UTF-8"?>
<collection xmlns="http://www.loc.gov/MARC21/slim">
<record>
  <controlfield tag="001">17345</controlfield>
  <controlfield tag="005">20260201174259.0</controlfield>
  <datafield tag="022" ind1=" " ind2=" ">
    <subfield code="2">(DE-600)2546271-4</subfield>
    <subfield code="a">2194-4946</subfield>
  </datafield>
  <datafield tag="022" ind1=" " ind2=" ">
    <subfield code="a">0044-2968</subfield>
    <subfield code="l">0044-2968</subfield>
  </datafield>
  <datafield tag="022" ind1=" " ind2=" ">
    <subfield code="a">0372-9176</subfield>
    <subfield code="l">2366-178X</subfield>
  </datafield>
  <datafield tag="022" ind1=" " ind2=" ">
    <subfield code="a">2194-4946</subfield>
    <subfield code="l">2194-4946</subfield>
  </datafield>
  <datafield tag="022" ind1=" " ind2=" ">
    <subfield code="a">2196-7105</subfield>
  </datafield>
  <datafield tag="022" ind1=" " ind2=" ">
    <subfield code="a">2366-178X</subfield>
  </datafield>
  <datafield tag="022" ind1=" " ind2=" ">
    <subfield code="a">2366-1798</subfield>
  </datafield>
  <datafield tag="024" ind1="7" ind2=" ">
    <subfield code="2">ZDBID</subfield>
    <subfield code="a">PERI:(DE-600)2546071-7</subfield>
  </datafield>
  <datafield tag="024" ind1="7" ind2=" ">
    <subfield code="2">ZDBPPN</subfield>
    <subfield code="a">ZDPPN:1001087658</subfield>
  </datafield>
  <datafield tag="024" ind1="7" ind2=" ">
    <subfield code="2">EZBID</subfield>
    <subfield code="a">PERI:(DE-606)529309</subfield>
  </datafield>
  <datafield tag="024" ind1="7" ind2=" ">
    <subfield code="2">EZBID</subfield>
    <subfield code="a">PERI:(DE-606)6660</subfield>
  </datafield>
  <datafield tag="024" ind1="7" ind2=" ">
    <subfield code="2">EZBID</subfield>
    <subfield code="a">PERI:(DE-606)529309</subfield>
  </datafield>
  <datafield tag="024" ind1="7" ind2=" ">
    <subfield code="2">OCLC</subfield>
    <subfield code="a">OCLC:1056139863</subfield>
  </datafield>
  <datafield tag="024" ind1="7" ind2=" ">
    <subfield code="2">JCR</subfield>
    <subfield code="a">JCR:Z KRIST-CRYST MATER</subfield>
  </datafield>
  <datafield tag="024" ind1="7" ind2=" ">
    <subfield code="2">ISI</subfield>
    <subfield code="a">WOS:ZEITSCHRIFT FUR KRISTALLOGRAPHIE-CRYSTALLINE MATERIALS</subfield>
  </datafield>
  <datafield tag="024" ind1="7" ind2=" ">
    <subfield code="2">SCOPUS</subfield>
    <subfield code="a">SCOPUS:21100407281</subfield>
  </datafield>
  <datafield tag="024" ind1="7" ind2=" ">
    <subfield code="2">Medline</subfield>
    <subfield code="a">medline:101653866</subfield>
  </datafield>
  <datafield tag="024" ind1="7" ind2=" ">
    <subfield code="2">JCR</subfield>
    <subfield code="a">JCR:Z KRISTALLOGR</subfield>
  </datafield>
  <datafield tag="024" ind1="7" ind2=" ">
    <subfield code="2">SCOPUS</subfield>
    <subfield code="a">SCOPUS:110332</subfield>
  </datafield>
  <datafield tag="030" ind1=" " ind2=" ">
    <subfield code="2">DE-600</subfield>
    <subfield code="a">ZKKKA</subfield>
  </datafield>
  <datafield tag="030" ind1=" " ind2=" ">
    <subfield code="2">DE-600</subfield>
    <subfield code="a">ZEKRD</subfield>
  </datafield>
  <datafield tag="035" ind1=" " ind2=" ">
    <subfield code="a">PERI:(DE-600)2546071-7</subfield>
  </datafield>
  <datafield tag="040" ind1=" " ind2=" ">
    <subfield code="a">9001</subfield>
    <subfield code="b">ger</subfield>
    <subfield code="c">DE-101</subfield>
    <subfield code="d">JOIN²</subfield>
    <subfield code="e">JOIN² journal identification</subfield>
  </datafield>
  <datafield tag="041" ind1=" " ind2=" ">
    <subfield code="a">ger</subfield>
  </datafield>
  <datafield tag="044" ind1=" " ind2=" ">
    <subfield code="c">XA-DE</subfield>
  </datafield>
  <datafield tag="082" ind1=" " ind2=" ">
    <subfield code="2">22sdnb</subfield>
    <subfield code="a">540</subfield>
    <subfield code="q">DE-600</subfield>
  </datafield>
  <datafield tag="082" ind1="7" ind2="4">
    <subfield code="2">22sdnb</subfield>
    <subfield code="a">540</subfield>
    <subfield code="q">DE-600</subfield>
  </datafield>
  <datafield tag="210" ind1="0" ind2=" ">
    <subfield code="2">DE-600</subfield>
    <subfield code="a">Z. Kristallogr. (Germany)</subfield>
  </datafield>
  <datafield tag="210" ind1="0" ind2=" ">
    <subfield code="2">DE-600</subfield>
    <subfield code="a">Z. Kristallogr.</subfield>
  </datafield>
  <datafield tag="210" ind1="0" ind2=" ">
    <subfield code="2">iso</subfield>
    <subfield code="a">Z Kristallogr Cryst Mater</subfield>
  </datafield>
  <datafield tag="210" ind1="0" ind2=" ">
    <subfield code="2">dnlm</subfield>
    <subfield code="a">Z Kristallogr Cryst Mater</subfield>
  </datafield>
  <datafield tag="210" ind1="0" ind2=" ">
    <subfield code="2">iso</subfield>
    <subfield code="a">Z Kristallogr Cryst Mater</subfield>
  </datafield>
  <datafield tag="222" ind1=" " ind2="0">
    <subfield code="2">DE-600</subfield>
    <subfield code="a">Zeitschrift für Kristallographie. Crystalline materials</subfield>
    <subfield code="b">Internet</subfield>
  </datafield>
  <datafield tag="242" ind1="2" ind2="0">
    <subfield code="2">DE-600</subfield>
    <subfield code="a">Zeitschrift für Kristallographie / Crystalline materials</subfield>
    <subfield code="p">Crystalline materials : CM</subfield>
    <subfield code="y">en</subfield>
  </datafield>
  <datafield tag="242" ind1="2" ind2="0">
    <subfield code="2">DE-600</subfield>
    <subfield code="a">Zeitschrift für Kristallographie</subfield>
    <subfield code="n">[...]</subfield>
    <subfield code="p">Crystalline materials : CM</subfield>
  </datafield>
  <datafield tag="245" ind1=" " ind2=" ">
    <subfield code="2">DE-600</subfield>
    <subfield code="a">Zeitschrift für Kristallographie / Crystalline materials</subfield>
    <subfield code="h">online, print</subfield>
    <subfield code="p">Crystalline materials : CM</subfield>
  </datafield>
  <datafield tag="246" ind1="3" ind2=" ">
    <subfield code="2">DE-600</subfield>
    <subfield code="a">Zeitschrift für Kristallographie</subfield>
  </datafield>
  <datafield tag="246" ind1="3" ind2=" ">
    <subfield code="a">Zeitschrift für Kristallographie / Crystalline materials. Crystalline materials</subfield>
  </datafield>
  <datafield tag="246" ind1="3" ind2=" ">
    <subfield code="2">DE-600</subfield>
    <subfield code="a">Zeitschrift für Kristallographie / Crystalline materials</subfield>
  </datafield>
  <datafield tag="246" ind1="3" ind2=" ">
    <subfield code="a">Crystalline materials</subfield>
  </datafield>
  <datafield tag="246" ind1="3" ind2=" ">
    <subfield code="a">Zeitschrift für Kristallographie, crystalline materials</subfield>
  </datafield>
  <datafield tag="246" ind1="3" ind2=" ">
    <subfield code="a">CM</subfield>
  </datafield>
  <datafield tag="246" ind1="3" ind2=" ">
    <subfield code="a">Zeitschrift für Kristallographie</subfield>
  </datafield>
  <datafield tag="260" ind1=" " ind2=" ">
    <subfield code="a">Berlin</subfield>
    <subfield code="b">De Gruyter</subfield>
    <subfield code="c">2010-</subfield>
  </datafield>
  <datafield tag="260" ind1=" " ind2="1">
    <subfield code="0">Host:(DE-Juel1)94</subfield>
    <subfield code="2">DE-Juel1</subfield>
    <subfield code="a">De Gruyter</subfield>
  </datafield>
  <datafield tag="264" ind1="2" ind2="1">
    <subfield code="3">2010-2013</subfield>
    <subfield code="a">München</subfield>
    <subfield code="b">Oldenbourg</subfield>
  </datafield>
  <datafield tag="264" ind1="3" ind2="1">
    <subfield code="a">Berlin</subfield>
    <subfield code="b">De Gruyter</subfield>
    <subfield code="c">2010-</subfield>
  </datafield>
  <datafield tag="362" ind1="0" ind2=" ">
    <subfield code="2">DE-600</subfield>
    <subfield code="a">225.2010 -</subfield>
  </datafield>
  <datafield tag="363" ind1="0" ind2="1">
    <subfield code="2">DE-600</subfield>
    <subfield code="8">1.1\x</subfield>
    <subfield code="a">225</subfield>
    <subfield code="i">2010</subfield>
  </datafield>
  <datafield tag="380" ind1=" " ind2=" ">
    <subfield code="2">marcgt</subfield>
    <subfield code="a">journal</subfield>
  </datafield>
  <datafield tag="500" ind1=" " ind2=" ">
    <subfield code="a">Automatically generated record. (Updated: 2025-11-12)</subfield>
  </datafield>
  <datafield tag="650" ind1=" " ind2="7">
    <subfield code="0">ASJC:2500</subfield>
    <subfield code="2">ASJC</subfield>
    <subfield code="a">General Materials Science</subfield>
  </datafield>
  <datafield tag="650" ind1=" " ind2="7">
    <subfield code="0">ASJC:3104</subfield>
    <subfield code="2">ASJC</subfield>
    <subfield code="a">Condensed Matter Physics</subfield>
  </datafield>
  <datafield tag="650" ind1=" " ind2="7">
    <subfield code="0">ASJC:1604</subfield>
    <subfield code="2">ASJC</subfield>
    <subfield code="a">Inorganic Chemistry</subfield>
  </datafield>
  <datafield tag="653" ind1="1" ind2="0">
    <subfield code="2">EZB-Subject</subfield>
    <subfield code="a">Physics</subfield>
  </datafield>
  <datafield tag="653" ind1="1" ind2="0">
    <subfield code="2">EZB-Subject</subfield>
    <subfield code="a">Geosciences</subfield>
  </datafield>
  <datafield tag="653" ind1="1" ind2="0">
    <subfield code="2">EZB-Keyword</subfield>
    <subfield code="a">Kristallographie</subfield>
  </datafield>
  <datafield tag="776" ind1="0" ind2="8">
    <subfield code="2">DE-600</subfield>
    <subfield code="d">Berlin : de @Gruyter, 2010-</subfield>
    <subfield code="i">Erscheint auch als</subfield>
    <subfield code="n">Druck-Ausgabe</subfield>
    <subfield code="t">Zeitschrift für Kristallographie / Crystalline materials. Crystalline materials</subfield>
    <subfield code="w">(DE-600)2546271-4</subfield>
    <subfield code="x">2194-4946</subfield>
  </datafield>
  <datafield tag="780" ind1="0" ind2="0">
    <subfield code="2">DE-600</subfield>
    <subfield code="d">Berlin : De Gruyter, 1921-2009</subfield>
    <subfield code="h">Online-Ressource</subfield>
    <subfield code="i">Vorg.:</subfield>
    <subfield code="t">Zeitschrift für Kristallographie</subfield>
    <subfield code="w">(DE-600)2025162-2</subfield>
    <subfield code="x">2366-1798</subfield>
  </datafield>
  <datafield tag="856" ind1="4" ind2=" ">
    <subfield code="d">0</subfield>
    <subfield code="u">https://digital.zlb.de/viewer/metadata/1001087658/1/LOG_0000</subfield>
    <subfield code="y">Langzeitarchivierung; 2024-</subfield>
  </datafield>
  <datafield tag="856" ind1="4" ind2=" ">
    <subfield code="d">0</subfield>
    <subfield code="u">https://ezb.ur.de/?2546071-7</subfield>
    <subfield code="y">EZB</subfield>
  </datafield>
  <datafield tag="856" ind1="4" ind2=" ">
    <subfield code="d">0</subfield>
    <subfield code="u">https://www.degruyterbrill.com/zkri</subfield>
    <subfield code="y">Verlag; 240.2025 - = kostenfrei</subfield>
  </datafield>
  <datafield tag="880" ind1="1" ind2=" ">
    <subfield code="2">DE-600</subfield>
    <subfield code="a">Zeitschrift für Kristallographie / Crystalline materials</subfield>
    <subfield code="p">Crystalline materials : CM</subfield>
  </datafield>
  <datafield tag="909" ind1="C" ind2="O">
    <subfield code="o">oai:juser.fz-juelich.de:65079</subfield>
    <subfield code="p">authority:PERI</subfield>
    <subfield code="p">authority</subfield>
  </datafield>
  <datafield tag="915" ind1=" " ind2=" ">
    <subfield code="0">StatID:(DE-HGF)0200</subfield>
    <subfield code="2">StatID</subfield>
    <subfield code="a">DBCoverage</subfield>
    <subfield code="b">SCOPUS</subfield>
    <subfield code="d">2025-11-12</subfield>
  </datafield>
  <datafield tag="915" ind1=" " ind2=" ">
    <subfield code="0">StatID:(DE-HGF)0300</subfield>
    <subfield code="2">StatID</subfield>
    <subfield code="a">DBCoverage</subfield>
    <subfield code="b">Medline</subfield>
    <subfield code="d">2025-11-12</subfield>
  </datafield>
  <datafield tag="915" ind1=" " ind2=" ">
    <subfield code="0">StatID:(DE-HGF)0199</subfield>
    <subfield code="2">StatID</subfield>
    <subfield code="a">DBCoverage</subfield>
    <subfield code="b">Clarivate Analytics Master Journal List</subfield>
    <subfield code="d">2025-11-12</subfield>
  </datafield>
  <datafield tag="915" ind1=" " ind2=" ">
    <subfield code="0">StatID:(DE-HGF)1150</subfield>
    <subfield code="2">StatID</subfield>
    <subfield code="a">DBCoverage</subfield>
    <subfield code="b">Current Contents - Physical, Chemical and Earth Sciences</subfield>
    <subfield code="d">2025-11-12</subfield>
  </datafield>
  <datafield tag="915" ind1=" " ind2=" ">
    <subfield code="0">StatID:(DE-HGF)0160</subfield>
    <subfield code="2">StatID</subfield>
    <subfield code="a">DBCoverage</subfield>
    <subfield code="b">Essential Science Indicators</subfield>
    <subfield code="d">2025-11-12</subfield>
  </datafield>
  <datafield tag="915" ind1=" " ind2=" ">
    <subfield code="0">StatID:(DE-HGF)0113</subfield>
    <subfield code="2">StatID</subfield>
    <subfield code="a">WoS</subfield>
    <subfield code="b">Science Citation Index Expanded</subfield>
    <subfield code="d">2025-11-12</subfield>
  </datafield>
  <datafield tag="915" ind1=" " ind2=" ">
    <subfield code="0">StatID:(DE-HGF)0150</subfield>
    <subfield code="2">StatID</subfield>
    <subfield code="a">DBCoverage</subfield>
    <subfield code="b">Web of Science Core Collection</subfield>
    <subfield code="d">2025-11-12</subfield>
  </datafield>
  <datafield tag="915" ind1=" " ind2=" ">
    <subfield code="0">StatID:(DE-HGF)0100</subfield>
    <subfield code="2">StatID</subfield>
    <subfield code="a">JCR</subfield>
    <subfield code="b">Z KRIST-CRYST MATER : 2022</subfield>
    <subfield code="d">2025-11-12</subfield>
  </datafield>
  <datafield tag="915" ind1=" " ind2=" ">
    <subfield code="0">StatID:(DE-HGF)0600</subfield>
    <subfield code="2">StatID</subfield>
    <subfield code="a">DBCoverage</subfield>
    <subfield code="b">Ebsco Academic Search</subfield>
    <subfield code="d">2025-11-12</subfield>
  </datafield>
  <datafield tag="915" ind1=" " ind2=" ">
    <subfield code="0">StatID:(DE-HGF)0030</subfield>
    <subfield code="2">StatID</subfield>
    <subfield code="a">Peer Review</subfield>
    <subfield code="b">ASC</subfield>
    <subfield code="d">2025-11-12</subfield>
  </datafield>
  <datafield tag="915" ind1=" " ind2=" ">
    <subfield code="0">StatID:(DE-HGF)9900</subfield>
    <subfield code="2">StatID</subfield>
    <subfield code="a">IF &lt; 5</subfield>
    <subfield code="d">2025-11-12</subfield>
  </datafield>
  <datafield tag="930" ind1=" " ind2=" ">
    <subfield code="a">Crystalline materials</subfield>
    <subfield code="d">CM</subfield>
  </datafield>
  <datafield tag="936" ind1=" " ind2=" ">
    <subfield code="a">Artikel "Plagioclase feldspars (Ca1-x Na x )(Al2-x Si2+x )O8: synthesis and characterizations of mechanical weathering relevant to Martian regolith", Jg.42.1(2025),S. 13-27, veröffentlicht am 31.12.2024, ist nicht frei zugänglich.

Erscheint ab 2025 komplett Subscribe to open</subfield>
  </datafield>
  <datafield tag="980" ind1=" " ind2=" ">
    <subfield code="a">PERI</subfield>
  </datafield>
  <datafield tag="980" ind1=" " ind2=" ">
    <subfield code="a">AUTHORITY</subfield>
  </datafield>
  <datafield tag="909" ind1="C" ind2="O">
    <subfield code="o">oai:juser.fz-juelich.de:65079</subfield>
  </datafield>
</record>
</collection>